000 00823nam a2200229 a 4500
001 61524
003 BD-RjUL
005 20211209080956.0
008 170118s1984 bg ||||| |||| 00| 0 ben d
035 _a(BD-RjUL)61648
040 _aBD-RjUL
_bben
_cBD-RjUL
041 _aben
082 _223
_a302
_bGUJ 1984
100 _aগুণ্ডাভ, লা বঁ
_9183340
245 1 0 _aজনতা /
_cলা বঁ গুন্ডাভ
260 _aঢাকা :
_bবাংলা একাডেমী,
_c১৯৮৪
300 _a১৫৯ পৃ. ;
_c২১ সেমি.
650 _aসমাজ মনোবিজ্ঞান
_9183341
650 _aSociology Psychology
_9183342
700 _aমিজ্ঞা, নূর মোহাম্মদ, অনুবাদ
_9183343
942 _2ddc
_cBK
999 _c61524
_d61524